[Event "FRA-ch U12/16"]
[Site "Agen"]
[Date "2023.04.30"]
[Round "9"]
[White "Landolsi, Iyad"]
[Black "Breuil, Virgile"]
[Result "1-0"]
[WhiteElo "1850"]
[BlackElo "1945"]
[PlyCount "87"]
[EventDate "2023.04.23"]
[EventType "swiss"]
[EventRounds "9"]
[EventCountry "FRA"]
[SourceTitle "CBM 214 Extra"]
[Source "ChessBase"]
[SourceDate "2023.07.31"]
[SourceVersion "1"]
[SourceVersionDate "2023.07.31"]
[SourceQuality "1"]

1. d4 d5 2. Nc3 Nf6 3. Bf4 Bf5 4. f3 h6 5. g4 Bh7 6. e3 a6 7. Bd3 e6 8. Nge2 c5 9. Bxh7 Nxh7 10. Qd2 Nc6 11. 0-0-0 b5 12. e4 b4 13. Na4 Qa5 14. exd5 Qxa4 15. dxc6 Qxa2 16. Qe3 Be7 17. d5 0-0 18. d6 Bf6 19. Be5 Rfd8 20. c7 Rd7 21. Qxc5 Rc8 22. f4 Nf8 23. Bxf6 gxf6 24. b3 e5 25. f5 e4 26. Kd2 Qb2 27. Ke3 a5 28. Rb1 Qe5 29. Qxe5 fxe5 30. Rhd1 Nh7 31. Kxe4 Nf6+ 32. Kxe5 Ne8 33. f6 Nxc7 34. dxc7 Re8+ 35. Kf4 Rxc7 36. Nd4 Rc3 37. Rd3 Rc5 38. Rbd1 Kh7 39. R1d2 Kg6 40. Nf5 Re1 41. h4 Rf1+ 42. Rf3 Rxf3+ 43. Kxf3 Kxf6 44. Kf4 1-0

[Event "FRA-ch U12/16"]
[Site "Agen"]
[Date "2023.04.26"]
[Round "5"]
[White "Llari, Marc"]
[Black "Breuil, Virgile"]
[Result "1/2-1/2"]
[WhiteElo "1924"]
[BlackElo "1945"]
[PlyCount "153"]
[EventDate "2023.04.23"]
[EventType "swiss"]
[EventRounds "9"]
[EventCountry "FRA"]
[SourceTitle "CBM 214 Extra"]
[Source "ChessBase"]
[SourceDate "2023.07.31"]
[SourceVersion "1"]
[SourceVersionDate "2023.07.31"]
[SourceQuality "1"]

1. e4 e5 2. Nf3 Nc6 3. Bb5 a6 4. Ba4 Nf6 5. Nc3 Bc5 6. Bxc6 dxc6 7. d3 Bg4 8. h3 Bh5 9. Be3 Bd6 10. Qe2 Qe7 11. 0-0-0 0-0-0 12. Rdg1 Bb4 13. Bd2 Nd7 14. g4 Bg6 15. Nd1 f6 16. Bxb4 Qxb4 17. h4 Nc5 18. a3 Qb5 19. Nc3 Qa5 20. Qe3 Kb8 21. h5 Bf7 22. h6 g5 23. d4 Nd7 24. dxe5 Nxe5 25. Nxe5 Qxe5 26. Rf1 Bc4 27. Rd1 Be6 28. Qf3 Rd6 29. Ne2 Rhd8 30. c3 c5 31. Ng3 Bb3 32. Rxd6 Qxd6 33. Qe2 Qf4+ 34. Qe3 Qxg4 35. Qe2 Qd7 36. Nf5 Qa4 37. f3 Bc4 38. Qc2 Qb5 39. Rd1 Rxd1+ 40. Qxd1 Bb3 41. Qd8+ Ka7 42. Ng3 c6 43. Kd2 a5 44. Qxf6 Bc4 45. Kc1 Bd3 46. c4 Bxc4 47. Qxg5 Bd3 48. Qd2 c4 49. Nf5 Ka6 50. Qc3 Qb6 51. Qd4 Qb3 52. Ne3 Qa2 53. Nc2 Bxc2 54. Kxc2 Qb3+ 55. Kc1 Qxf3 56. Qxc4+ Kb6 57. Qe6 Qf1+ 58. Kc2 a4 59. e5 Qe2+ 60. Kb1 Qd1+ 61. Ka2 Qd5+ 62. Qxd5 cxd5 63. b3 d4 64. bxa4 Kc5 65. Kb3 Kd5 66. e6 Kxe6 67. Kc4 Ke5 68. Kd3 b6 69. Kd2 Ke4 70. Ke2 d3+ 71. Kd2 Kd4 72. Ke1 Kc3 73. Kd1 d2 74. a5 bxa5 75. a4 Kb4 76. Kxd2 Kxa4 77. Kc3 1/2-1/2

[Event "EU-ch U12 30th"]
[Site "Antalya"]
[Date "2022.11.12"]
[Round "7"]
[White "Breuil, Virgile"]
[Black "Misiuk, Martynas"]
[Result "1/2-1/2"]
[WhiteElo "2057"]
[BlackElo "1758"]
[PlyCount "54"]
[EventDate "2022.11.06"]
[EventType "swiss"]
[EventRounds "9"]
[EventCountry "TUR"]
[SourceTitle "EXT 2024"]
[Source "ChessBase"]
[SourceDate "2023.10.10"]
[SourceVersion "1"]
[SourceVersionDate "2023.10.10"]
[SourceQuality "1"]

1. e4 c5 2. Nf3 g6 3. d4 cxd4 4. Nxd4 Nc6 5. Nc3 Bg7 6. Nde2 Nf6 7. g3 0-0 8. Bg2 d6 9. 0-0 Rb8 10. Be3 b5 11. Nd5 Bb7 12. Bg5 Nxd5 13. exd5 Ne5 14. b3 Rc8 15. Re1 Re8 16. Nd4 a6 17. Rc1 Qb6 18. c3 Qa5 19. f4 Nd7 20. Nc6 Bxc6 21. dxc6 Nb8 22. Bxe7 Bxc3 23. Re2 Nxc6 24. Bxc6 Rxc6 25. Bf6 Rec8 26. Rxc3 Rxc3 27. Bxc3 Qxc3 1/2-1/2

[Event "EU-ch U12 30th"]
[Site "Antalya"]
[Date "2022.11.06"]
[Round "1"]
[White "Breuil, Virgile"]
[Black "Valdats, Reinis"]
[Result "1/2-1/2"]
[WhiteElo "2057"]
[BlackElo "1650"]
[PlyCount "98"]
[EventDate "2022.11.06"]
[EventType "swiss"]
[EventRounds "9"]
[EventCountry "TUR"]
[SourceTitle "CBM 211 Extra"]
[Source "ChessBase"]
[SourceDate "2023.01.31"]
[SourceVersion "1"]
[SourceVersionDate "2023.01.31"]
[SourceQuality "1"]

1. e4 c5 2. c3 Nf6 3. e5 Nd5 4. Bc4 Nb6 5. Bb3 c4 6. Bc2 Nc6 7. Nf3 g6 8. 0-0 Bg7 9. Re1 0-0 10. d4 cxd3 11. Qxd3 Re8 12. Bb3 d5 13. exd6 Bf5 14. Qd1 Qxd6 15. Qxd6 exd6 16. Be3 Ne5 17. Nxe5 dxe5 18. Na3 Bd7 19. Bxb6 axb6 20. Nc4 Re6 21. Red1 Ba4 22. Bxa4 Rxa4 23. Rd8+ Bf8 24. b3 Ra6 25. Rb8 Ra7 26. h3 Kg7 27. Rd1 Rxa2 28. b4 Rc2 29. Ne3 Rxc3 30. Rdd8 Bd6 31. Rg8+ Kh6 32. Rxb7 Rc7 33. Rxc7 Bxc7 34. h4 f5 35. Nd5 Bd6 36. Rc8 Kg7 37. Rc6 Kf7 38. Rxb6 Be7 39. Rb7 e4 40. b5 Re5 41. Nb4 Ke8 42. Nc6 Re6 43. Ra7 Bc5 44. Rxh7 f4 45. Rh8+ Kd7 46. Nb8+ Kd6 47. Rc8 Kd5 48. Na6 Bb6 49. Nb4+ Kd4 1/2-1/2

[Event "Cappelle Online Rapid op"]
[Site "Europe Echecs INT"]
[Date "2021.03.06"]
[Round "9"]
[White "Babanin, Gleb"]
[Black "Breuil, Virgile"]
[Result "1-0"]
[WhiteElo "2142"]
[BlackElo "1694"]
[PlyCount "91"]
[EventDate "2021.03.06"]
[EventType "swiss (rapid)"]
[EventRounds "9"]
[EventCountry "FRA"]
[SourceTitle "CBM 201 Extra"]
[Source "ChessBase"]
[SourceDate "2021.05.31"]
[SourceVersion "1"]
[SourceVersionDate "2021.05.31"]
[SourceQuality "1"]

1. e4 e5 2. Nf3 Nc6 3. Bb5 Nge7 4. 0-0 g6 5. c3 Bg7 6. d4 exd4 7. cxd4 d6 8. d5 a6 9. Ba4 b5 10. Bc2 Ne5 11. Nxe5 dxe5 12. a4 bxa4 13. Bxa4+ Bd7 14. Nc3 0-0 15. Be3 f5 16. f3 f4 17. Bf2 Nc8 18. Bxd7 Qxd7 19. Na4 Nd6 20. Nc5 Qc8 21. Qc2 Re8 22. Rfc1 Nb5 23. Ne6 Qb7 24. Qc6 Qxc6 25. Rxc6 a5 26. Rc5 Reb8 27. Rxb5 Rxb5 28. Nxc7 Rab8 29. Nxb5 Rxb5 30. Be1 Kf8 31. Bc3 Ke7 32. Rxa5 Rxa5 33. Bxa5 Kd6 34. Bb4+ Kc7 35. Kf2 Kb6 36. Ke2 Kb5 37. Be7 Bh8 38. Kd3 Bg7 39. d6 Kc6 40. Kc4 h5 41. b4 Bh6 42. b5+ Kd7 43. Kd5 g5 44. b6 g4 45. b7 gxf3 46. b8Q 1-0

[Event "Cappelle Online Rapid op"]
[Site "Europe Echecs INT"]
[Date "2021.03.06"]
[Round "7"]
[White "Hamon, Christian"]
[Black "Breuil, Virgile"]
[Result "0-1"]
[WhiteElo "2015"]
[BlackElo "1694"]
[PlyCount "70"]
[EventDate "2021.03.06"]
[EventType "swiss (rapid)"]
[EventRounds "9"]
[EventCountry "FRA"]
[SourceTitle "CBM 201 Extra"]
[Source "ChessBase"]
[SourceDate "2021.05.31"]
[SourceVersion "1"]
[SourceVersionDate "2021.05.31"]
[SourceQuality "1"]

1. Nf3 d5 2. g3 Bf5 3. Bg2 Nf6 4. 0-0 e6 5. d3 c5 6. Nbd2 Nc6 7. b3 Be7 8. Bb2 0-0 9. Re1 Nd7 10. e4 dxe4 11. dxe4 Bg6 12. Qe2 Qc7 13. a3 Rfe8 14. Rad1 Rad8 15. Nf1 f5 16. e5 Nb6 17. c4 Bh5 18. Qc2 Bg6 19. Qc1 Na5 20. Rxd8 Rxd8 21. Qe3 f4 22. gxf4 Rd3 23. Qe2 Rxb3 24. Nh4 Bxh4 25. f5 exf5 26. e6 Naxc4 27. Ba1 Qe7 28. a4 a5 29. Bxb7 Qxb7 30. e7 Bxe7 31. Qxe7 Qxe7 32. Rxe7 Rb1 33. Rxg7+ Kf8 34. Bf6 Nd5 35. Bg5 Kxg7 0-1

[Event "Cappelle Online Bullet op"]
[Site "Europe Echecs INT"]
[Date "2021.03.05"]
[Round "10"]
[White "Devallee, Jeremie"]
[Black "Breuil, Virgile"]
[Result "1-0"]
[WhiteElo "2220"]
[BlackElo "1694"]
[PlyCount "113"]
[EventDate "2021.03.05"]
[EventType "swiss (blitz)"]
[EventRounds "15"]
[EventCountry "FRA"]
[SourceTitle "EXT 2022"]
[Source "ChessBase"]
[SourceDate "2021.10.06"]
[SourceVersion "1"]
[SourceVersionDate "2021.10.06"]
[SourceQuality "1"]

1. e4 e5 2. Nf3 Nc6 3. d4 exd4 4. Bc4 d6 5. c3 Nf6 6. Qb3 Be7 7. Bxf7+ Kf8 8. Bd5 Na5 9. Qd1 c6 10. Bb3 Nxb3 11. axb3 dxc3 12. Nxc3 Bg4 13. 0-0 Qb6 14. h3 Bh5 15. g4 Bg6 16. e5 dxe5 17. Nxe5 Rd8 18. Nxg6+ hxg6 19. Qf3 Qc7 20. g5 Ke8 21. Bf4 Qc8 22. gxf6 gxf6 23. Kg2 Kf7 24. Rfe1 g5 25. Bh2 g4 26. hxg4 Rdg8 27. Re4 Rh4 28. Bg3 Rhxg4 29. Rxg4 Rxg4 30. Re1 Bd6 31. Ne4 Bxg3 32. Nxg3 Kg6 33. Qd3+ f5 34. Qd6+ Kf7 35. Re7+ Kg8 36. Qf6 Qf8 37. Qxf8+ Kxf8 38. Rxb7 f4 39. Rb8+ Ke7 40. Kf3 Kd6 41. Kxg4 fxg3 42. fxg3 Kc7 43. Ra8 c5 44. Rxa7+ Kb6 45. Ra4 Kb5 46. Rc4 Kc6 47. Kf5 Kb6 48. g4 Kb5 49. g5 Kb6 50. g6 Kc6 51. g7 Kb5 52. g8Q Kb6 53. Qd5 Ka5 54. Qxc5+ Ka6 55. Qb4 Ka7 56. Rc5 Ka8 57. Ra5# 1-0

[Event "Cappelle Online Blitz op 1st"]
[Site "Europe Echecs INT"]
[Date "2021.01.10"]
[Round "9"]
[White "Garrigue, Julian"]
[Black "Breuil, Virgile"]
[Result "1-0"]
[WhiteElo "1983"]
[BlackElo "1694"]
[PlyCount "57"]
[EventDate "2021.01.10"]
[EventType "swiss (blitz)"]
[EventRounds "11"]
[EventCountry "FRA"]
[SourceTitle "CBM 200 Extra"]
[Source "ChessBase"]
[SourceDate "2021.03.31"]
[SourceVersion "1"]
[SourceVersionDate "2021.03.31"]
[SourceQuality "1"]

1. e4 e5 2. Nf3 Nc6 3. Bc4 Be7 4. d4 exd4 5. c3 d6 6. cxd4 Nf6 7. 0-0 0-0 8. Nc3 Bg4 9. Be3 Re8 10. h3 Bh5 11. Rc1 a6 12. Bb3 Nd7 13. Kh1 Rf8 14. Qd3 Bxf3 15. gxf3 Nb6 16. Rg1 Kh8 17. Ne2 Qd7 18. Kh2 d5 19. exd5 Nxd5 20. Ng3 Nxe3 21. fxe3 f5 22. Nh5 g6 23. Nf4 Bd6 24. d5 Ne5 25. Qd4 Kg8 26. Kg2 Rfe8 27. Ne6 a5 28. f4 Nf7 29. Qg7# 1-0

[Event "Cappelle Online Blitz op 1st"]
[Site "Europe Echecs INT"]
[Date "2021.01.10"]
[Round "1"]
[White "Vakhidov, Jahongir"]
[Black "Breuil, Virgile"]
[Result "1-0"]
[WhiteElo "2401"]
[BlackElo "1694"]
[PlyCount "83"]
[EventDate "2021.01.10"]
[EventType "swiss (blitz)"]
[EventRounds "11"]
[EventCountry "FRA"]
[SourceTitle "CBM 200 Extra"]
[Source "ChessBase"]
[SourceDate "2021.03.31"]
[SourceVersion "1"]
[SourceVersionDate "2021.03.31"]
[SourceQuality "1"]

1. c4 e5 2. Nc3 Nc6 3. Nf3 Bc5 4. e3 Nf6 5. Be2 0-0 6. 0-0 d5 7. d4 exd4 8. exd4 Be7 9. c5 b6 10. Bb5 Bb7 11. Bxc6 Bxc6 12. Ne5 Bb7 13. c6 Bc8 14. Bg5 h6 15. Bh4 Be6 16. Qf3 Qd6 17. Rfe1 a6 18. a3 Rad8 19. Bg3 Ra8 20. Ng6 Qd8 21. Nxe7+ Qxe7 22. Bh4 Rad8 23. Rac1 Rd6 24. Ne2 g5 25. Bg3 Rdd8 26. Nc3 Kg7 27. Be5 Kg6 28. h3 Ng8 29. Qd3+ Bf5 30. Qxa6 Ra8 31. Qb5 Rfe8 32. Nxd5 Qd8 33. Nxc7 Ra5 34. Nxe8 Rxb5 35. Nd6 Rd5 36. c7 Qf8 37. Nxf5 Kxf5 38. c8Q+ Qxc8 39. Rxc8 Ne7 40. Rc7 Ng6 41. Rxf7+ Ke6 42. Rf6+ 1-0